MDQL
is popping MORE tags! Check the
thread
!
Quizzes
Events
Quiz Creation
Community
Videos
Private Events
Remove Ads
Sign In
Join for FREE
Feedback
Dark Mode
Quiz Categories
Sports
Geography
Music
Movies
Television
Just For Fun
Miscellaneous
History
Literature
Language
Science
Gaming
Entertainment
Religion
Holiday
For Kids
Quiz Lab
Recent
Popular Today
Quiz Kudos Today
Editor Picks
Curator Picks
Quizzes by...
Day
Popularity
Type
Ratings
Length
Year
Community
Subscriptions
Recent Discussions
Orange Saloon
Badges
Playlists
Quests
Create
Leaderboards
Showdown
Live 5
Trivia Bingo
Activity
Puzzle Library
Sporcle Events
Private Events
Virtual Trivia
Globe League
Become a Host
Pub Owners
SporcleCon
Opinionation
Our Games
Videos
Blog
Mobile Apps
Partnerships
Remove Ads and Go Orange
Feedback
Geography
Country
Landmarks
City
State
Population
World
Capital
Continent
Flags
Europe
Africa
Asia
South America
North America
Oceania
Border
Canada
United Kingdom
Topography
United States
Geography
Country
Landmarks
City
State
Population
World
Capital
Continent
Flags
Europe
Africa
Asia
South America
North America
Oceania
Border
Canada
United Kingdom
Topography
United States
Random Quiz
Search Sporcle
×
Quiz Lab
Quiz Lab
Geography
City
Type in answers that appear in a list
Type in answers that appear in a list
Classic
Best Score? Go Orange.
50 Largest US Cities (2016) Stats
Can you name the 50 Largest US Cities as of the 2016 estimations?
By
alexenglandae
8m
50 Questions
277 Plays
277 Plays
277 Plays
Comments
Comments
Give Quiz Kudos
Give Quiz Kudos
-
- Ratings
hide this ad
Replay
Link that replays current quiz
Next Quiz
Link to next quiz in quiz playlist
You Got
0%
They Got
Avg Score
91%
Avg Friend Score
Upgrade to see
Score Distribution
Jump to the score distribution portion of the page
Score
0/50
Timer
08:00
0
Plays Today
State
City
% Correct
New York
New York City
99.6%
California
Los Angeles
98.6%
Illinois
Chicago
96.8%
Texas
Dallas
96.8%
Washington
Seattle
96.4%
Colorado
Denver
96.4%
Massachusetts
Boston
96.4%
Texas
Houston
96%
Nevada
Las Vegas
96%
Florida
Miami
96%
Arizona
Phoenix
95.7%
California
San Diego
95.7%
Oklahoma
Oklahoma City
95.7%
Indiana
Indianapolis
95.3%
District of Columbia
Washington
95.3%
Oregon
Portland
95.3%
Pennsylvania
Philadelphia
94.9%
California
San Francisco
94.9%
Michigan
Detroit
94.9%
Missouri
Kansas City
94.9%
Georgia
Atlanta
94.9%
Texas
San Antonio
94.6%
Tennessee
Nashville
94.2%
Louisiana
New Orleans
94.2%
Texas
Austin
93.9%
State
City
% Correct
Minnesota
Minneapolis
93.5%
Maryland
Baltimore
93.1%
Florida
Jacksonville
92.4%
Ohio
Columbus
92.1%
California
Sacramento
92.1%
California
San Jose
91.7%
North Carolina
Raleigh
91.3%
Tennessee
Memphis
91%
North Carolina
Charlotte
90.6%
Wisconsin
Milwaukee
90.6%
Texas
Fort Worth
90.3%
Kentucky
Louisville
89.9%
New Mexico
Albuquerque
89.5%
Nebraska
Omaha
88.1%
Oklahoma
Tulsa
88.1%
Texas
El Paso
86.6%
Arizona
Tucson
85.9%
Virginia
Virginia Beach
85.9%
California
Oakland
85.9%
Colorado
Colorado Springs
85.2%
California
Fresno
83.8%
Arizona
Mesa
83.8%
Kansas
Wichita
81.9%
California
Long Beach
80.1%
Texas
Arlington
71.5%
Quiz Playlist
Details
Report
Send in Message
Add To Playlist
Classic:
Type in answers that appear in a list
Last Updated: Nov 17, 2017
Quiz Scoreboard
CHALLENGE
Sign Up to Join the Scoreboard
Show All
Scores
Hide
Comments
May contain spoilers
Recently Published
Find the 'City' Movie
by crazypaving
Movies
60s
5x2 Blitz: Bands
by SL_Kpop136
Music
30s
Colored Red Africa Blitz
by spor1
Geography
30s
More to Explore
Quiz From the Vault
Featured Blog Post
14 Easter Pick-up Lines to Find Eggs With
hide this ad
You Might Also Like...
Tags
City Quiz
Population Quiz
State Quiz
2016
2017
50 Largest
Estimated
largest
US Cities
Today's Top Quizzes in Geography
Browse Geography
hide this ad
Today's Top Quizzes in City
Browse City
Top Contributed Quizzes in Geography
1
Countries of the World - No Outlines Minefield
2
Colored Red Africa Blitz II
3
Colored Red Europe Blitz I
4
Colored Red Europe Blitz II
5
Colored Red Africa Blitz III
6
Colored Red Europe Blitz III
7
Colored Red States Blitz II
8
Country Trivia Logic Puzzle II
9
Colored Red States Blitz I
10
List All 50 US States
Explore More
Trending Topics
Anime
NBA
Marvel
Harry Potter
Disney
Kpop
Crossword
NFL
WWE
Puzzle
The Office
Pokémon
Song
Soccer
Country
hide this ad
More By:
alexenglandae
Quiz
Plays
Rating
Category
Featured
Created
100 Largest US Cities (2016)
1,452
5.00
Geography
Dec 2, 2017
50 Largest US Cities 2050
1,056
3.80
Geography
Dec 1, 2017
50 Largest US Cities (2016)
277
3.60
Geography
Nov 16, 2017
50 Largest Illinois Cities (2016)
116
5.00
Geography
Nov 23, 2017
Go to Creator's Profile
Score Distribution
Quiz Creator Spotlight
alexenglandae
Follow
Send a Message
Quizzes Created
-
Created Quiz Play Count
-
More By This Creator
Popular Quizzes Today
1
5x2 Blitz: Bands
2
Find the 'City' Movie
3
Colored Red Africa Blitz
4
Find the US States - No Outlines Minefield
5
The Countries of the World
6
Find the US States
7
9x9 Crossword: Cartoon Network
8
US States
More Geography Quizzes
4x4 Image Crossword: Capitals
Published
Trending Quizzes
Colored Red Africa Blitz II
Colored Red Europe Blitz I
Christmas Pick: Judaism
Colored Red Africa Blitz III
Colored Red Europe Blitz II
Recently Updated
Champions League XIs: Real Madrid
pecheneg
Largest US Cities 1790-2010
pecheneg
Rides in Walt Disney World
pecheneg
Most Oscar Losses (Acting)
pecheneg
Beyoncé Albums
pecheneg
Leaping Animals
pecheneg
Reality TV Shows (A-Z)
bhenderson79
Rickey Henderson's Hall of Fame Teammates
pecheneg
Champions League XIs: Arsenal
pecheneg
Quick Pick: Celebrities in WWE's Hall of Fame
aduchscher
Trending Topics
Anime
Harry Potter
Disney
Kpop
Crossword
NBA
Marvel
Pokémon
Country
NFL
Puzzle
The Office
Soccer
WWE
Song
Your Account Isn't Verified!
In order to create a playlist on Sporcle, you need to verify the email address you used during registration. Go to your
Sporcle Settings
to finish the process.
Report this User
Report this user for behavior that violates our
Community Guidelines
.
Details:
Send Report
Go to the Sporcle.com Mobile Site →
Comments